Central Library OPAC University of Rajshahi
Normal view MARC view

Entry Topical Term

Number of records used in: 2

001 - CONTROL NUMBER

  • control field: 2374

003 - CONTROL NUMBER IDENTIFIER

  • control field: BD-RjUL

005 - DATE AND TIME OF LATEST TRANSACTION

  • control field: 20220411121515.0

008 - FIXED-LENGTH DATA ELEMENTS

  • fixed length control field: 220411|| aca||aabn | a|a d

040 ## - CATALOGING SOURCE

  • Original cataloging agency: BD-RjUL
  • Transcribing agency: BD-RjUL

150 ## - HEADING--TOPICAL TERM

  • Topical term or geographic name entry element: Gerontology
  • General subdivision: Case studies

670 ## - SOURCE DATA FOUND

  • Source citation: Work cat.: (BD-RjUL)79347: Islam, A. K. H. Shafiul 1230, Social Aspects of Aging in Bangladesh :, 2002